000 00852nam a2200241Ia 4500
003 GCL
008 140319s9999 xx 000 0 ara d
040 _aGCL /
_cGCL
082 0 4 _aد
_b050
_bع و
100 1 _aشاكر المعداوى
245 1 0 _aالعربى 569 ابريل 2006 ( اثار الجزائر ) /
_cشاكر المعداوى
260 _aالكويت :
_bوزارة الاعلام بدولة الكويت ،
_c2006
300 _a14 ص
490 _aروضة الطفل
_v0
650 0 4 _aالاسلام
650 0 4 _aجبران خليل جبران
650 0 4 _aالخط العربى
650 0 4 _aالفن التشكيلى
650 0 4 _aالعالم العربى - الاحوال السياسية
650 0 4 _aالولادة - الجوانب النفس بدنية
650 0 4 _aالبحر الميت
942 _2ddc
_cCR
999 _c52221
_d52221